000 00484nam a2200181Ia 4500
001 22677
005 20260414150846.0
008 260414t2006||||xx |||||||||||||| ||spa||
041 _aESP
082 _a621.384
_bP43
100 _aPerales Benito, Tomás
_eAUT
245 0 _aRadio y televisión digitales :
_btecnología de los sistemas DAB, DVB, IBUC y ATSC
260 _c2006
300 _a191 páginas :
_c17 cm.
650 _aTCA
654 _aCET
942 _cLIB
_dJUS
_fJUS
_2ddc
_n
999 _c22677
_d22677